01478nam a2200349Ia 4500001001200000003000800012006001900020007001500039008004100054020001800095020002600113040002100139035002100160050002400181100002300205245013100228260006100359300001800420440003500438500006500473500003600538504005200574533015200626650004700778650004000825650001900865655002900884710005500913710001700968856012600985999001701111ebr10644349CaPaEBRm u cr cn|||||||||130127s2012 dcua sb 000 0 eng d z9781475529142 z9781475542790 (ebook) aCaPaEBRcCaPaEBR a(OCoLC)81935188914aHG4715b.P64 2012eb1 aPoghosyan, Tigran.10aLong-run and short-run determinants of sovereign bond yields in advanced economiesh[electronic resource] /cTigran Poghosyan. aWashington, D.C. :bInternational Monetary Fund,cc2012. a25 p. :bill. 0aIMF working paper ;vWP/12/271 aAt head of title: Fiscal Affairs Department -- verso of t.p. a"November 2012"-- verso of t.p. aIncludes bibliographical references (p. 15-16). aElectronic reproduction.bPalo Alto, Calif. :cebrary,d2013.nAvailable via World Wide Web.nAccess may be limited to ebrary affiliated libraries. 0aGovernment securitiesxEconometric models. 0aRate of returnxEconometric models. 0aCointegration. 7aElectronic books.2local2 aInternational Monetary Fund.bFiscal Affairs Dept.2 aebrary, Inc.40uhttp://site.ebrary.com/lib/rucke/Doc?id=10644349zAn electronic book accessible through the World Wide Web; click to view c42376d42376